[Event "URS-chT Republics 13th Group2"]
[Site "Riga"]
[Date "1975.07.??"]
[Round "1"]
[White "Ustinov, Georgy I"]
[Black "Kortschnoj, Viktor Lvovich"]
[Result "0-1"]
[WhiteElo "2370"]
[BlackElo "2665"]
[PlyCount "80"]
[EventDate "1975.07.15"]
[EventType "team-tourn"]
[EventRounds "5"]
[EventCountry "URS"]
[SourceTitle "EXT 2020"]
[Source "ChessBase"]
[SourceDate "2019.10.17"]
[SourceVersion "1"]
[SourceVersionDate "2019.10.17"]
[SourceQuality "1"]
[WhiteTeam "Kirgizia"]
[BlackTeam "Leningrad"]
[WhiteTeamCountry "KGZ"]
[BlackTeamCountry "RUS"]

1. d4 Nf6 2. Nf3 g6 3. c4 Bg7 4. g3 c6 5. Bg2 a6 6. O-O b5 7. Nbd2 bxc4 8. Nxc4
a5 9. Bd2 Ne4 10. Rc1 Nxd2 11. Qxd2 d6 12. e3 O-O 13. Rfd1 Nd7 14. Rc3 Ba6 15.
Rdc1 a4 16. Qc2 c5 17. Qxa4 Bb7 18. Qb3 Ra7 19. a3 Bxf3 20. Bxf3 cxd4 21. exd4
Bxd4 22. R3c2 Nc5 23. Qb5 d5 24. Nd2 Rb7 25. Qc6 Rc7 26. Qb5 Rb7 27. Qc6 Rb6
28. Qxd5 Rd6 29. Qg5 Bxf2+ 30. Kxf2 Nd3+ 31. Kf1 Nxc1 32. Ne4 Rd3 33. Rf2 Nb3
34. Qh6 Qd4 35. Ng5 Qg7 36. Qh4 Nd2+ 37. Kg2 h6 38. Qb4 Qd4 39. Qxd4 Rxd4 40.
Nh3 e5 0-1

[Event "URS-chT Cup 09th"]
[Site "Tbilisi"]
[Date "1976.04.??"]
[Round "3"]
[White "Kortschnoj, Viktor Lvovich"]
[Black "Gipslis, Aivars P"]
[Result "1-0"]
[WhiteElo "2670"]
[BlackElo "2535"]
[PlyCount "93"]
[EventDate "1976.04.15"]
[EventType "team-tourn"]
[EventRounds "7"]
[EventCountry "URS"]
[SourceTitle "EXT 2017"]
[Source "ChessBase"]
[SourceDate "2016.10.25"]
[SourceVersion "1"]
[SourceVersionDate "2016.10.25"]
[SourceQuality "1"]
[WhiteTeam "Trud"]
[BlackTeam "Soviet Army"]
[WhiteTeamCountry "URS"]
[BlackTeamCountry "URS"]

1. c4 e5 2. Nc3 Nf6 3. Nf3 Nc6 4. b3 d5 5. cxd5 Nxd5 6. Bb2 Nxc3 7. Bxc3 Bd6 8.
d3 O-O 9. e3 Qe7 10. Be2 Bd7 11. O-O Rad8 12. Nd2 f5 13. Nc4 f4 14. Nxd6 Qxd6
15. exf4 Rxf4 16. Bf3 Rdf8 17. Be4 Nd4 18. Bd2 R4f7 19. Bxb7 c6 20. Ba6 Qg6 21.
Bc4 Bh3 22. g3 Bxf1 23. Kxf1 Kh8 24. Bxf7 Qxd3+ 25. Kg1 Nf3+ 26. Kg2 Nxd2 27.
Qg4 e4 28. Re1 g6 29. Bc4 Qd4 30. Re3 Kg7 31. Qd1 Rd8 32. Qc2 Qf6 33. Be2 h5
34. Qc3 Rd4 35. Qc5 Rd7 36. h4 Kh6 37. Rc3 Rd6 38. Qe3+ Kg7 39. Qxa7+ Kg8 40.
Qe3 Kf8 41. Rc2 Qd8 42. Qh6+ Kf7 43. Rc5 Qf6 44. Qh7+ Kf8 45. Ra5 Rd8 46. Bxh5
Nf3 47. Qxg6 1-0

[Event "URS-chT Cup 09th"]
[Site "Tbilisi"]
[Date "1976.04.??"]
[Round "4"]
[White "Anikaev, Yuri N"]
[Black "Kortschnoj, Viktor Lvovich"]
[Result "0-1"]
[WhiteElo "2435"]
[BlackElo "2670"]
[PlyCount "84"]
[EventDate "1976.04.15"]
[EventType "team-tourn"]
[EventRounds "7"]
[EventCountry "URS"]
[SourceTitle "EXT 2017"]
[Source "ChessBase"]
[SourceDate "2016.10.25"]
[SourceVersion "1"]
[SourceVersionDate "2016.10.25"]
[SourceQuality "1"]
[WhiteTeam "Dinamo Moscow"]
[BlackTeam "Trud"]
[WhiteTeamCountry "RUS"]
[BlackTeamCountry "URS"]

1. d4 Nf6 2. c4 e6 3. Nc3 Bb4 4. e3 O-O 5. Nge2 d5 6. a3 Be7 7. Ng3 c5 8. dxc5
Bxc5 9. b4 Bd6 10. Be2 a5 11. bxa5 Be5 12. Bd2 d4 13. exd4 Qxd4 14. O-O Nc6 15.
Ra2 Qh4 16. Nb5 Rd8 17. Qb1 Bf4 18. Bxf4 Qxf4 19. Qc1 e5 20. Qxf4 exf4 21. Nh5
Nxh5 22. Bxh5 Be6 23. Be2 Rac8 24. Rc2 Nxa5 25. Rfc1 g5 26. g3 Rc5 27. gxf4
gxf4 28. f3 Kf8 29. Kf2 Ke7 30. Re1 Rh5 31. Rh1 Re5 32. a4 Nxc4 33. Nc7 Ne3 34.
Nxe6 fxe6 35. Rb2 Kf6 36. Rb4 Rf5 37. Rxb7 Rd2 38. Rb5 Nd5 39. Re1 Rh5 40. Kg1
Re5 41. Kf1 Re3 42. a5 Rdxe2 0-1

[Event "Match Kortschnoj-Timman +4-1=3"]
[Site "Leeuwarden"]
[Date "1976.11.??"]
[Round "3"]
[White "Timman, Jan H"]
[Black "Kortschnoj, Viktor Lvovich"]
[Result "0-1"]
[WhiteElo "2550"]
[BlackElo "2670"]
[PlyCount "80"]
[EventDate "1976.11.15"]
[EventType "match"]
[EventRounds "8"]
[EventCountry "NED"]
[SourceTitle "MCD"]
[Source "ChessBase"]
[SourceDate "1999.07.01"]
[SourceVersion "1"]
[SourceVersionDate "1999.07.01"]
[SourceQuality "1"]

1. e4 e6 2. d4 d5 3. Nc3 Bb4 4. e5 c5 5. a3 Bxc3+ 6. bxc3 Ne7 7. a4 Nbc6 8. Nf3
Qa5 9. Bd2 Bd7 10. Be2 f6 11. c4 Qc7 12. cxd5 Nxd5 13. c4 Nde7 14. exf6 gxf6
15. dxc5 O-O-O 16. Bc3 e5 17. Qd6 Nf5 18. Qxc7+ Kxc7 19. O-O Nfd4 20. Nxd4 Nxd4
21. Bd1 Kc6 22. Bxd4 exd4 23. Bf3+ Kxc5 24. Bxb7 Bf5 25. Bf3 Rhe8 26. Ra2 Rb8
27. Rd2 Rb1 28. g4 Ree1 29. Rxe1 Rxe1+ 30. Kg2 Be4 31. Bxe4 Rxe4 32. Kf3 Re5
33. h4 Kxc4 34. Rc2+ Kb3 35. Rc7 d3 36. Rxh7 Rd5 37. Rb7+ Kc2 38. Rc7+ Kb1 39.
Rb7+ Ka1 40. Rb5 Rd8 0-1

[Event "Match Kortschnoj-Timman +4-1=3"]
[Site "Leeuwarden"]
[Date "1976.11.??"]
[Round "4"]
[White "Kortschnoj, Viktor Lvovich"]
[Black "Timman, Jan H"]
[Result "1-0"]
[WhiteElo "2670"]
[BlackElo "2550"]
[PlyCount "69"]
[EventDate "1976.11.15"]
[EventType "match"]
[EventRounds "8"]
[EventCountry "NED"]
[SourceTitle "MCD"]
[Source "ChessBase"]
[SourceDate "1999.07.01"]
[SourceVersion "1"]
[SourceVersionDate "1999.07.01"]
[SourceQuality "1"]

1. c4 g6 2. e4 e5 3. d4 Nf6 4. dxe5 Nxe4 5. Bd3 Bb4+ 6. Nd2 d5 7. exd6 Nc5 8.
Bc2 Qxd6 9. a3 Bxd2+ 10. Qxd2 Nc6 11. b4 Nd4 12. bxc5 Qe5+ 13. Kf1 Be6 14. Bb2
O-O-O 15. Ne2 Bxc4 16. Bd3 Nb3 17. Bxe5 Nxd2+ 18. Ke1 Rhe8 19. Bxc4 Nxc4 20.
Bf4 Rd4 21. g3 Rd3 22. a4 Rb3 23. Kf1 Rb2 24. Nc1 f6 25. h4 h6 26. Bxh6 Rh8 27.
Bg7 Rd8 28. Ne2 Nd2+ 29. Kg2 Ne4 30. Rhe1 Rdd2 31. Kf3 Nxc5 32. Bxf6 Rbc2 33.
Red1 Nb3 34. Rxd2 Nxd2+ 35. Ke3 1-0

[Event "Match Kortschnoj-Timman +4-1=3"]
[Site "Leeuwarden"]
[Date "1976.11.??"]
[Round "7"]
[White "Timman, Jan H"]
[Black "Kortschnoj, Viktor Lvovich"]
[Result "0-1"]
[WhiteElo "2550"]
[BlackElo "2670"]
[PlyCount "87"]
[EventDate "1976.11.15"]
[EventType "match"]
[EventRounds "8"]
[EventCountry "NED"]
[SourceTitle "MCD"]
[Source "ChessBase"]
[SourceDate "1999.07.01"]
[SourceVersion "1"]
[SourceVersionDate "1999.07.01"]
[SourceQuality "1"]

1. e4 e5 2. Nf3 Nc6 3. Bb5 a6 4. Bxc6 dxc6 5. O-O f6 6. d4 exd4 7. Nxd4 c5 8.
Nb3 Qxd1 9. Rxd1 Bg4 10. f3 Be6 11. Nc3 Bd6 12. Be3 b6 13. a4 Kf7 14. a5 c4 15.
Nd4 b5 16. Nf5 Bxf5 17. exf5 Ne7 18. g4 h5 19. Bf2 hxg4 20. fxg4 Bxh2+ 21. Kg2
Be5 22. Bg3 Bxc3 23. bxc3 Rac8 24. Kf3 Rhd8 25. Ke4 c6 26. Rd6 Rxd6 27. Bxd6
Rd8 28. Bxe7 Kxe7 29. Ke3 Rh8 30. Re1 Kd6 31. Rd1+ Kc7 32. Rd2 c5 33. Rf2 Kc6
34. g5 b4 35. cxb4 cxb4 36. g6 Re8+ 37. Kd4 Kb5 38. Kd5 Re5+ 39. Kd4 c3 40. Rh2
Rxf5 41. Rh7 Rg5 42. Rxg7 Kxa5 43. Kc4 Ka4 44. Ra7 0-1

[Event "Match Kortschnoj-Hug +2-0=2"]
[Site "Zuerich"]
[Date "1977.??.??"]
[Round "1"]
[White "Hug, Werner"]
[Black "Kortschnoj, Viktor Lvovich"]
[Result "0-1"]
[WhiteElo "2445"]
[BlackElo "2645"]
[PlyCount "82"]
[EventDate "1977.??.??"]
[EventType "match"]
[EventRounds "4"]
[EventCountry "SUI"]
[SourceTitle "MCD"]
[Source "ChessBase"]
[SourceDate "1999.07.01"]
[SourceVersion "1"]
[SourceVersionDate "1999.07.01"]
[SourceQuality "1"]

1. e4 e5 2. Nf3 Nc6 3. Bb5 a6 4. Bxc6 dxc6 5. Nc3 f6 6. d4 exd4 7. Qxd4 Qxd4 8.
Nxd4 c5 9. Nde2 Be6 10. Nf4 Bf7 11. Nfd5 Bd6 12. Bf4 Bxf4 13. Nxf4 O-O-O 14.
Rd1 Ne7 15. O-O Nc6 16. f3 Nb4 17. Ncd5 Nxc2 18. Rc1 Nb4 19. Rxc5 Bxd5 20. Nxd5
Nxd5 21. exd5 Rhe8 22. Rfc1 Rd7 23. R1c4 Re5 24. Re4 Rdxd5 25. Rxd5 Rxd5 26.
Re7 Rd1+ 27. Kf2 Rd2+ 28. Kg3 Rxb2 29. Rxg7 b5 30. Rxh7 Rxa2 31. Re7 b4 32. Re1
b3 33. h4 b2 34. Rb1 Kd7 35. Kf4 a5 36. Kf5 a4 37. h5 a3 38. h6 Ra1 39. h7 Rxb1
40. h8=Q Re1 41. Qg7+ Kc6 0-1

[Event "Montreux"]
[Site "Montreux"]
[Date "1977.??.??"]
[Round "?"]
[White "Keene, Raymond"]
[Black "Kortschnoj, Viktor Lvovich"]
[Result "0-1"]
[WhiteElo "2510"]
[BlackElo "2645"]
[PlyCount "80"]
[EventDate "1977.04.??"]
[EventType "tourn"]
[EventRounds "9"]
[EventCountry "SUI"]
[EventCategory "8"]
[SourceTitle "EXT 2001"]
[Source "ChessBase"]
[SourceDate "2000.11.22"]
[SourceVersion "1"]
[SourceVersionDate "2000.11.22"]
[SourceQuality "1"]

1. c4 e5 2. Nc3 Nf6 3. Nf3 Nc6 4. e3 Bb4 5. Qc2 O-O 6. Nd5 Re8 7. Qf5 d6 8.
Nxf6+ gxf6 9. Qh5 d5 10. cxd5 Qxd5 11. Be2 Be6 12. O-O e4 13. Qxd5 Bxd5 14. Ne1
Rad8 15. d4 Bxe1 16. Rxe1 Nb4 17. Bd1 Nd3 18. Re2 c5 19. dxc5 Bxa2 20. Bd2 Bc4
21. Bc3 Nxc5 22. Rd2 Rxd2 23. Bxd2 a6 24. Bc3 Kg7 25. Bg4 Kg6 26. h4 h5 27. Bd1
Rc8 28. Kh2 Bb3 29. Be2 Nd3 30. Kg3 Bc4 31. Bd1 Rc6 32. Ba4 b5 33. Bc2 f5 34.
Bxd3 exd3 35. Rd1 Rd6 36. Kf4 Bb3 37. Rd2 Bc2 38. f3 Rc6 39. Ke5 Rc4 40. Bd4 a5
0-1

[Event "Montreux"]
[Site "Montreux"]
[Date "1977.??.??"]
[Round "?"]
[White "Robatsch, Karl"]
[Black "Kortschnoj, Viktor Lvovich"]
[Result "0-1"]
[WhiteElo "2435"]
[BlackElo "2645"]
[PlyCount "160"]
[EventDate "1977.04.??"]
[EventType "tourn"]
[EventRounds "9"]
[EventCountry "SUI"]
[EventCategory "8"]
[SourceTitle "EXT 2001"]
[Source "ChessBase"]
[SourceDate "2000.11.22"]
[SourceVersion "1"]
[SourceVersionDate "2000.11.22"]
[SourceQuality "1"]

1. c4 g6 2. e4 e5 3. d4 Nf6 4. Nc3 exd4 5. Qxd4 Nc6 6. Qd1 Bg7 7. Be3 O-O 8. f3
Re8 9. Nge2 Ne5 10. Nf4 c6 11. Be2 g5 12. Nh3 d5 13. cxd5 Bxh3 14. gxh3 cxd5
15. O-O dxe4 16. fxe4 h6 17. Qxd8 Raxd8 18. Bxa7 Rd2 19. Rab1 Nxe4 20. Nxe4
Rxe2 21. Ng3 Rc2 22. Rf2 Rxf2 23. Bxf2 Nd3 24. Rd1 Nxf2 25. Kxf2 Bxb2 26. Rd7
b6 27. Kf3 Kg7 28. Nf5+ Kg6 29. Ne7+ Kf6 30. Rb7 Bd4 31. Nd5+ Kg7 32. a4 Re6
33. h4 gxh4 34. Nf4 Rd6 35. Kg4 Be3 36. Nh5+ Kf8 37. Rb8+ Ke7 38. Ng7 Rg6+ 39.
Kf3 Bg1 40. Nf5+ Ke6 41. Nxh4 Rf6+ 42. Kg2 Bc5 43. Nf3 Kd5 44. Re8 Re6 45. Ra8
Kc4 46. Kg3 Kb4 47. h4 Re4 48. h5 f5 49. Rh8 Be3 50. Nh4 Bf4+ 51. Kh3 Re3+ 52.
Kg2 Rg3+ 53. Kf2 Rh3 54. Nf3 Rxh5 55. Rd8 Kc5 56. Rc8+ Kd5 57. Ra8 Rh1 58. a5
b5 59. a6 Ra1 60. a7 Ra2+ 61. Nd2 Kc6 62. Rf8 Kb7 63. Rxf5 Bxd2 64. Rxb5+ Kxa7
65. Kg3 Ra4 66. Kh3 Ka6 67. Rb8 Rd4 68. Rb1 Bg5 69. Kg3 h5 70. Rb3 h4+ 71. Kh3
Ka5 72. Rc3 Kb4 73. Rf3 Bd8 74. Kg2 Kc5 75. Kh3 Kd5 76. Rf5+ Ke4 77. Kg4 Ke3+
78. Kh3 Rd3 79. Kg4 Ke2 80. Re5+ Kf2 0-1

[Event "Montreux"]
[Site "Montreux"]
[Date "1977.??.??"]
[Round "?"]
[White "Wirthensohn, Heinz"]
[Black "Kortschnoj, Viktor Lvovich"]
[Result "0-1"]
[WhiteElo "2390"]
[BlackElo "2645"]
[PlyCount "64"]
[EventDate "1977.04.??"]
[EventType "tourn"]
[EventRounds "9"]
[EventCountry "SUI"]
[EventCategory "8"]
[SourceTitle "EXT 2001"]
[Source "ChessBase"]
[SourceDate "2000.11.22"]
[SourceVersion "1"]
[SourceVersionDate "2000.11.22"]
[SourceQuality "1"]

1. g3 e5 2. Bg2 d5 3. d3 g6 4. Nf3 Bg7 5. O-O Ne7 6. e4 O-O 7. Nbd2 c5 8. c3
Nbc6 9. exd5 Nxd5 10. Re1 Be6 11. a4 b6 12. Nc4 f6 13. Qe2 Re8 14. Nfd2 f5 15.
Nf3 h6 16. Qc2 Bf7 17. Bd2 Qd7 18. Re2 Re7 19. Rae1 Rae8 20. h4 Nc7 21. b3 Nd5
22. Bh3 a6 23. Bg2 b5 24. axb5 axb5 25. Ne3 Nf6 26. Nf1 e4 27. dxe4 fxe4 28.
N3h2 b4 29. Be3 bxc3 30. Qxc3 Nd4 31. Rd2 Bd5 32. Qxc5 Nxb3 0-1

[Event "Candidates sf Kortschnoj-Polugaevsky5-1"]
[Site "Evian"]
[Date "1977.07.??"]
[Round "6"]
[White "Polugaevsky, Lev"]
[Black "Kortschnoj, Viktor Lvovich"]
[Result "0-1"]
[WhiteElo "2620"]
[BlackElo "2645"]
[PlyCount "130"]
[EventDate "1977.07.02"]
[EventType "match"]
[EventRounds "13"]
[EventCountry "FRA"]
[SourceTitle "Candidates"]
[Source "ChessBase"]
[SourceDate "1999.07.01"]
[SourceVersion "2"]
[SourceVersionDate "1999.07.01"]
[SourceQuality "1"]

1. d4 e6 2. c4 b6 3. e4 Bb7 4. Qc2 Qh4 5. Nd2 Bb4 6. Bd3 f5 7. Ngf3 Bxd2+ 8.
Kf1 Qh5 9. Bxd2 Nf6 10. exf5 Bxf3 11. gxf3 Nc6 12. Bc3 O-O 13. Re1 Qh3+ 14. Ke2
Rae8 15. Kd1 e5 16. dxe5 Nxe5 17. Be2 Nxf3 18. Qd3 Rxe2 19. Rxe2 Qg2 20. Rhe1
Nxe1 21. Kxe1 Qxh2 22. Re7 Qg1+ 23. Ke2 Qg4+ 24. Ke1 h5 25. Qg3 Qxg3 26. fxg3
Rf7 27. Bxf6 gxf6 28. Re8+ Kh7 29. Kf2 Kh6 30. b4 Kg5 31. Ra8 Kxf5 32. Rxa7 d6
33. a4 Ke6 34. a5 bxa5 35. Rxa5 f5 36. c5 Rh7 37. cxd6 cxd6 38. b5 h4 39. gxh4
Rxh4 40. Ra8 Rb4 41. Rb8 Kd5 42. Kf3 Rb3+ 43. Kf4 Kc5 44. Rc8+ Kxb5 45. Kxf5
Re3 46. Kf4 Re1 47. Rd8 Kc5 48. Rc8+ Kd4 49. Kf3 d5 50. Kf2 Re5 51. Ra8 Kc3 52.
Ra3+ Kb4 53. Ra1 d4 54. Rc1 d3 55. Rc8 d2 56. Rb8+ Kc3 57. Rc8+ Kd3 58. Rd8+
Kc2 59. Rc8+ Kd1 60. Rc7 Rf5+ 61. Kg2 Ke2 62. Re7+ Kd3 63. Rd7+ Ke3 64. Re7+
Kd4 65. Rd7+ Rd5 0-1

[Event "Candidates f Kortschnoj-Spassky +7-4=7"]
[Site "Belgrade"]
[Date "1977.12.08"]
[Round "7"]
[White "Kortschnoj, Viktor Lvovich"]
[Black "Spassky, Boris Vasilievich"]
[Result "1-0"]
[WhiteElo "2645"]
[BlackElo "2610"]
[Annotator "Donev,I"]
[PlyCount "95"]
[EventDate "1977.11.21"]
[EventType "match"]
[EventRounds "18"]
[EventCountry "YUG"]
[SourceTitle "EXT 2001"]
[Source "ChessBase"]
[SourceDate "2000.11.22"]
[SourceVersion "1"]
[SourceVersionDate "2000.11.22"]
[SourceQuality "1"]

1. c4 e6 2. Nc3 d5 3. d4 Be7 4. Nf3 Nf6 5. Bg5 O-O 6. e3 h6 7. Bh4 b6 8. Rc1
Bb7 9. Bxf6 Bxf6 10. cxd5 exd5 11. b4 c6 {Vermeidet b4-b5} 12. Be2 Nd7 ({
Mir scheint logisch zuerst die Dame auf d6 zu entwickeln, um das Feld e5 zu
kontrollieren und hauptsächlich der b4 - Bauer unter Beschuss zu nehmen.} 12...
Qd6 13. Qb3 Nd7 14. O-O a5 15. a3 axb4 (15... Rfe8 $6 16. Rfd1 Be7 17. Rb1 axb4
18. axb4 Ra7 $15) 16. axb4 Rfe8 17. Rfd1 b5 18. Ne1 Nb6 19. Nd3 Bc8 20. Nc5 Bf5
21. Ra1 Nc4 $15 {1/2-1/2 Titz,H-Donev,I/Zuerich op 1994/EXT 94op (49)}) 13. O-O
a5 14. b5 c5 $1 15. dxc5 (15. Re1 $5 c4 16. Nd2 $14 {/\ Bf3 nebst Nf1,Ng3,Ne2,
Nf4}) 15... Nxc5 {Leider wegen dem schwachen d5 - Bauer ist der Nachziehende
mit dem S auf c5 erzwungen zu nehmen. Jetzt haben wir am Brett dem meist
verbreiteten Mittelspiel Stellung - die Isolierte d5 Damenbauer. Als
Kompensation beherrscht der Nachziehende das Läuferpaar.} 16. Nd4 Qd6 17. Bg4 (
17. Bf3 Rad8 18. Na4 Be5 (18... g6 $6 19. Nxc5 bxc5 20. Nb3 Qb6 21. Nxc5 Qxb5
22. a4 Qb6 23. Nxb7 Qxb7 24. Rc5 $16) 19. g3 Nxa4 20. Qxa4 Qf6 $13 {[%cal
Ye5d4,Yf6f3]}) 17... Rfd8 18. Re1 Ne6 19. Bxe6 $5 fxe6 20. Nc6 $1 $14 Bxc6 (
20... Rd7 21. Na4 {[%cal Ya4b6]} (21. e4 Bg5 $1) 21... Rc7 22. Nxb6 Bxc6 23.
bxc6 Ra6 24. Nd7 Raxc6 25. Nxf6+ gxf6 26. Rxc6 Qxc6 $13) 21. bxc6 Bxc3 (21...
Qb4 $5 22. a3 $1 Qxa3 23. c7 Rdc8 24. Nb5 $44) (21... Qxc6 22. Ne4 Qd7 23.
Nxf6+ gxf6 24. Qg4+ Kh7 25. Qf4 $1 $14 {[%cal Yf4f6,Yf4c7,Yc1c7]}) 22. Rxc3
Rac8 23. Qc2 e5 (23... Qc7 $142 $5 24. Qg6 Rd6 25. Rec1 b5 $14) 24. c7 $1 Rd7
25. Rc1 d4 {[%csl Gc7,Gd4][%mdl 4096] Jeder Seite hat seinem Trumpf - der
Weiße seine starke c7- Freibauer und der Schwarze - der d4 Freibauer.} 26. Rc6
Qd5 27. Qb1 $1 (27. Rxb6 $2 Rdxc7 28. Qxc7 Rxc7 29. Rxc7 d3 30. Rb8+ Kh7 31.
Rc1 Qxa2 $17 {Weiß muss um Remis kämpfen.}) 27... d3 (27... dxe3 28. fxe3 $18)
28. Qxb6 d2 $2 {Wahrscheinlich entscheidende Fehler die, die Partie kostet.
Schwarz sollte nicht die 2 Reihe zumachen, sondern sofort auf a2 nehmen!} (
28... Qxa2 $142 29. Qb7 Rf8 {[%cal Ya2f2,Yf8f2] Jetzt sieht man warum ist es
wichtig die 2 Reihe offen zu bleiben. So kann man nach dem Turm Abzug auf f8
mit Tempo starke Drohungen gegen die weißen Monarchen stellen.} 30. h3 Qxf2+
31. Kh2 d2 32. Rd1 Qxe3 33. c8=Q Rxb7 34. Qxb7 Qf4+ {Dem Dauerschach ist
unvermeintlich.} 35. Kg1 Qe3+ 36. Kh2 Qf4+ $11) 29. Rd1 Qxa2 (29... Qd3 30. Qb7
Rf8 31. c8=Q $18) {[%tqu "De","Was muss der Anziehende spielen?","","","h2h3",
"",8,"b6b7","",0]} 30. h3 $3 $18 {Ein ausgezeichneter Zug. Es ist
offensichtlich das die stärksten Drohungen beider Seiten (für Weiß Qb7 und für
Schwarz Qa4) in Verbindung mit dem Freibauern c7 und d2 stehen. Weiß hat
schwache erste Reihe und macht profilarktisch ein Fenster für seinen König.} (
30. Qb7 {Dieser logische Zug ist zu eilig, weil der Nachziehende mit seinem
nächste ausgezeichnete Zug genug Gegenspiel bekommt.} Qa4 $3 {[%cal Ya4c6,
Ya4d1]} (30... Qa1 $2 31. Qxc8+ Kh7 32. Rxh6+ $1 Kxh6 33. Qh8+ Kg6 34. Qe8+ Kh6
35. Qe6+ Kh7 36. Qh3+ Kg6 37. Qg4+ Kh7 38. Rxa1 $18) 31. Qxc8+ Kh7 32. h3 $3 (
32. Qg8+ Kxg8 33. c8=Q+ Kh7 34. Rc2 Qa1 $1 $19) 32... Qxc6 (32... Qxd1+ $2 33.
Kh2 $18) 33. Rxd2 Qc1+ 34. Kh2 Qxd2 35. Qb8 Rxc7 36. Qxc7 $11) 30... Qa4 {
[%cal Ya4c6,Ya4d1]} 31. Rxd2 $1 Rxd2 32. Qb7 (32. Qb8 $5 Rxb8 33. cxb8=Q+ Kh7
34. Rc8 $40 {[%cal Yc8h8]}) 32... Rdd8 33. cxd8=Q+ Rxd8 34. Rc7 $1 {[%cal
Yc7g7] Die weißen Figuren sind sehr aktiv auf den 7 Reihe platziert. Außerdem
ist die Lage der weiße König besser, als seine schwarzen Kollegen. Der Rest
ist reine Technik Sache.} Qa1+ 35. Kh2 e4 36. Qxe4 Qf6 37. f4 Qf8 38. Ra7 Qc5
39. Qb7 Qc3 40. Qe7 Rf8 41. e4 Qd4 42. f5 h5 43. Rxa5 Qd2 44. Qe5 Qg5 45. Ra6
Rf7 46. Rg6 Qd8 47. f6 h4 48. fxg7 {Eine ausgezeichnete Partie zum Thema:
Freibauern!} 1-0

[Event "Switzerland"]
[Site "Switzerland"]
[Date "1978.??.??"]
[Round "?"]
[White "Hug, Werner"]
[Black "Kortschnoj, Viktor Lvovich"]
[Result "0-1"]
[WhiteElo "2460"]
[BlackElo "2665"]
[PlyCount "48"]
[EventDate "1978.??.??"]
[EventType "game"]
[EventRounds "1"]
[EventCountry "SUI"]
[SourceTitle "EXT 2010"]
[Source "ChessBase"]
[SourceDate "2010.11.25"]
[SourceVersion "1"]
[SourceVersionDate "2010.11.25"]
[SourceQuality "1"]

1. Nf3 e6 2. g3 d5 3. Bg2 c5 4. O-O Nc6 5. c4 dxc4 6. Qa4 Bd7 7. Qxc4 Rc8 8.
Nc3 Nf6 9. d4 b5 10. Qd3 cxd4 11. Nxd4 Ne5 12. Qd1 Qb6 13. Bg5 Be7 14. Rc1 O-O
15. Nf3 Nxf3+ 16. Bxf3 Rfd8 17. Qb3 b4 18. Ne4 Nxe4 19. Bxe7 Rxc1 20. Rxc1
Qxf2+ 21. Kh1 Rc8 22. Qd1 Rxc1 23. Qxc1 Bc6 24. Bxb4 Qxe2 0-1

[Event "Switzerland"]
[Site "Switzerland"]
[Date "1978.??.??"]
[Round "?"]
[White "Lombard, Andre"]
[Black "Kortschnoj, Viktor Lvovich"]
[Result "0-1"]
[WhiteElo "2400"]
[BlackElo "2665"]
[PlyCount "74"]
[EventDate "1978.??.??"]
[EventType "game"]
[EventRounds "1"]
[EventCountry "SUI"]
[SourceTitle "EXT 2010"]
[Source "ChessBase"]
[SourceDate "2010.11.25"]
[SourceVersion "1"]
[SourceVersionDate "2010.11.25"]
[SourceQuality "1"]

1. d4 Nf6 2. c4 e6 3. Nc3 Bb4 4. e3 b6 5. Nge2 Ba6 6. Ng3 O-O 7. e4 Nc6 8. Bd3
e5 9. O-O Nxd4 10. Qa4 Bxc3 11. bxc3 Ne6 12. Ba3 Bb7 13. Bxf8 Qxf8 14. Qc2 Nf4
15. f3 Qc5+ 16. Kh1 Ba6 17. Rfe1 Nxd3 18. Qxd3 Bxc4 19. Qd2 Be6 20. Nf5 Bxf5
21. exf5 d6 22. Rab1 a5 23. c4 Re8 24. Qb2 h5 25. Qb5 Qd4 26. Qc6 Re7 27. h3 h4
28. c5 Qxc5 29. Qa4 Qf2 30. Rf1 Qg3 31. Rb3 Qg5 32. Re1 Nh5 33. Qg4 Ng3+ 34.
Kh2 Qf6 35. f4 e4 36. Qg5 Qxg5 37. fxg5 Nxf5 0-1

[Event "Yugoslavia "]
[Site "Yugoslavia"]
[Date "1978.??.??"]
[Round "?"]
[White "Kortschnoj, Viktor Lvovich"]
[Black "Ljubojevic, Ljubomir"]
[Result "1-0"]
[WhiteElo "2665"]
[BlackElo "2605"]
[PlyCount "39"]
[EventDate "1978.??.??"]
[EventType "game"]
[EventCountry "YUG"]
[SourceTitle "EXT 2010"]
[Source "ChessBase"]
[SourceDate "2010.11.25"]
[SourceVersion "1"]
[SourceVersionDate "2010.11.25"]
[SourceQuality "1"]

1. Nf3 c5 2. c4 Nf6 3. Nc3 d5 4. cxd5 Nxd5 5. d4 cxd4 6. Qxd4 Nxc3 7. Qxc3 Nc6
8. e4 Bg4 9. Bb5 Rc8 10. O-O a6 11. Bxc6+ Rxc6 12. Qe3 Bxf3 13. Qxf3 g6 14. Rd1
Qc8 15. Bg5 h6 16. Bh4 Bg7 17. Rd2 Bxb2 18. Rad1 Rc1 19. Rxb2 Qc3 20. Rb1 1-0

[Event "Hoogovens"]
[Site "Wijk aan Zee"]
[Date "1978.01.26"]
[Round "6"]
[White "Kavalek, Lubomir"]
[Black "Kortschnoj, Viktor Lvovich"]
[Result "0-1"]
[WhiteElo "2570"]
[BlackElo "2665"]
[PlyCount "56"]
[EventDate "1978.01.20"]
[EventType "tourn"]
[EventRounds "11"]
[EventCountry "NED"]
[EventCategory "13"]
[SourceTitle "MCD"]
[Source "ChessBase"]
[SourceDate "1999.07.01"]
[SourceVersion "1"]
[SourceVersionDate "1999.07.01"]
[SourceQuality "1"]

1. e4 e6 2. d3 b6 3. g3 Bb7 4. Bg2 c5 5. Nf3 Nf6 6. O-O Be7 7. e5 Nd5 8. d4 c4
9. c3 O-O 10. Nbd2 b5 11. Re1 d6 12. Qc2 dxe5 13. Nxe5 Nd7 14. Ndf3 Rc8 15. a3
Nxe5 16. dxe5 Rc7 17. Nd4 a6 18. Be4 h6 19. Qe2 Bc5 20. Rd1 Rd7 21. Bc2 Ne7 22.
Bxh6 gxh6 23. Qg4+ Kh8 24. Ne2 Ng6 25. h4 Rd2 26. Nf4 Nxe5 27. Qh5 Rxd1+ 28.
Rxd1 Qf6 0-1

[Event "Hoogovens"]
[Site "Wijk aan Zee"]
[Date "1978.02.02"]
[Round "11"]
[White "Miles, Anthony John"]
[Black "Kortschnoj, Viktor Lvovich"]
[Result "0-1"]
[WhiteElo "2565"]
[BlackElo "2665"]
[PlyCount "64"]
[EventDate "1978.01.20"]
[EventType "tourn"]
[EventRounds "11"]
[EventCountry "NED"]
[EventCategory "13"]
[SourceTitle "MCD"]
[Source "ChessBase"]
[SourceDate "1999.07.01"]
[SourceVersion "1"]
[SourceVersionDate "1999.07.01"]
[SourceQuality "1"]

1. d4 Nf6 2. Nf3 e6 3. g3 b6 4. Bg2 Bb7 5. c4 Be7 6. O-O O-O 7. Nc3 Ne4 8. Qc2
Nxc3 9. Qxc3 f5 10. b3 Bf6 11. Bb2 Nc6 12. Rad1 Qe7 13. Qd2 Nd8 14. d5 Bxb2 15.
Qxb2 d6 16. dxe6 Nxe6 17. b4 f4 18. Rd2 Rf6 19. Qc3 Raf8 20. a3 Qe8 21. Qd3 Qh5
22. Rdd1 Kh8 23. Nh4 Bxg2 24. Kxg2 g5 25. Nf3 Rh6 26. h4 gxh4 27. Qc3+ Kg8 28.
gxh4 Qg4+ 29. Kh2 Ng5 30. Nxg5 f3 31. Qxf3 Rxh4+ 32. Qh3 Qxg5 0-1